Maniram dewan and the contemporary Assamese society/ (Record no. 327872)

MARC details
000 -LEADER
fixed length control field 01358nam a2200397 a 4500
001 - CONTROL NUMBER
control field vtls000370401
003 - CONTROL NUMBER IDENTIFIER
control field NLI
005 - DATE AND TIME OF LATEST TRANSACTION
control field 20210602175007.0
008 - FIXED-LENGTH DATA ELEMENTS--GENERAL INFORMATION
fixed length control field 110113s1990 ii e 000 0 eng d
020 ## - INTERNATIONAL STANDARD BOOK NUMBER
Terms of availability Rs.125.00
039 #9 - LEVEL OF BIBLIOGRAPHIC CONTROL AND CODING DETAIL [OBSOLETE]
Level of rules in bibliographic description 201701191507
Level of effort used to assign nonsubject heading access points syamalkb
Level of effort used to assign subject headings 201602171515
Level of effort used to assign classification krishanuc
-- 201101132228
-- VLOAD
040 ## - CATALOGING SOURCE
Original cataloging agency NLI :
Language of cataloging eng
Transcribing agency NLMARC21
044 ## - COUNTRY OF PUBLISHING/PRODUCING ENTITY CODE
MARC country code ii
082 0# - DEWEY DECIMAL CLASSIFICATION NUMBER
Classification number 954.162
Edition number 22
100 1# - MAIN ENTRY--PERSONAL NAME
Personal name Dutta, Ajit Kumar
9 (RLIN) 551104
245 1# - TITLE STATEMENT
Title Maniram dewan and the contemporary Assamese society/
Statement of responsibility, etc. Ajit Kumar Dutta
260 ## - PUBLICATION, DISTRIBUTION, ETC.
Place of publication, distribution, etc. Jorhat, Assam :
Name of publisher, distributor, etc. Anupama Dutta,
Date of publication, distribution, etc. 1990.
300 ## - PHYSICAL DESCRIPTION
Extent x, 283p. :
Other physical details map.;
Dimensions 22cm.
400 1# - SERIES STATEMENT/ADDED ENTRY--PERSONAL NAME [OBSOLETE, CAN/MARC], [LOCAL, USA]
Personal name Datta, Ajit Kumar
504 ## - BIBLIOGRAPHY, ETC. NOTE
Bibliography, etc. note Includes bibliograhical references.
650 #0 - SUBJECT ADDED ENTRY--TOPICAL TERM
Topical term or geographic name entry element Dewan, Maniram
General subdivision Criticism and interpretation
9 (RLIN) 551105
651 #0 - SUBJECT ADDED ENTRY--GEOGRAPHIC NAME
Geographic name Assam
General subdivision History
9 (RLIN) 5686
651 #0 - SUBJECT ADDED ENTRY--GEOGRAPHIC NAME
Geographic name Assam
General subdivision Politics and government
9 (RLIN) 551106
887 ## - NON-MARC INFORMATION FIELD
Content of non-MARC field BKM sg
901 ## - LOCAL DATA ELEMENT A, LDA (RLIN)
a DB91364 :
b 31.1.04
901 ## - LOCAL DATA ELEMENT A, LDA (RLIN)
a DB143308 (cop.2) :
b 27.08.2013
902 ## - LOCAL DATA ELEMENT B, LDB (RLIN)
a E 954.162 D 954
904 ## - LOCAL DATA ELEMENT D, LDD (RLIN)
a BKM
905 ## - LOCAL DATA ELEMENT E, LDE (RLIN)
a sg
905 ## - LOCAL DATA ELEMENT E, LDE (RLIN)
a krishanu
942 ## - ADDED ENTRY ELEMENTS (KOHA)
Source of classification or shelving scheme Dewey Decimal Classification
Koha item type Books
949 ## - LOCAL PROCESSING INFORMATION (OCLC)
-- VIRTUAITEM
-- 10000
-- 100
6 DBA000091364ENG
949 ## - LOCAL PROCESSING INFORMATION (OCLC)
-- VIRTUAITEM
-- 10000
-- 2
-- 100
6 DBA000143308ENG
Holdings
Withdrawn status Lost status Damaged status Not for loan Collection code Home library Current library Shelving location Date acquired Total Checkouts Full call number Barcode Date last seen Price effective from Koha item type
        New English National Library of India National Library of India New English - Main Stack Division     E 954.162 D 954 DBA000091364ENG 02/06/2021 02/06/2021 Books
        New English National Library of India National Library of India New English - Main Stack Division     E 954.162 D 954 DBA000143308ENG 02/06/2021 02/06/2021 Books
                                                                           
web counter

Copyright ©2020 The National Library of India, Govt. of India ↔ Hosted by NVLI, MOC ↔ Technology and Design by National Library of India, Ministry of Culture, Govt. of India